Woorden Hussel - Landen - Statistieken

Algemene statistieken
  • Deze quiz is 287 keer genomen
  • De gemiddelde score is 14 van 20
Antwoordstatistieken
Land % Correct
Finland
100%
Haïti
100%
Iran
100%
Italië
100%
Kosovo
100%
Laos
100%
Libië
100%
Mali
100%
Togo
100%
Uruguay
100%
Ghana
95%
Peru
95%
Filipijnen
94%
Nepal
94%
Vanuatu
94%
Georgië
93%
Qatar
93%
Syrië
93%
Botswana
92%
Chili
92%
China
92%
Gabon
92%
Malawi
92%
Polen
92%
Tsjechië
92%
Fiji
91%
Mozambique
91%
Cuba
90%
Frankrijk
90%
Kiribati
90%
Niger
90%
Bahama's
89%
Guinee
88%
Israël
88%
Madagaskar
88%
Cyprus
87%
Irak
86%
Japan
86%
Jamaica
85%
Kazachstan
85%
Malta
85%
Paraguay
85%
Somalië
85%
Egypte
83%
India
83%
Mexico
83%
Vaticaanstad
83%
Zambia
83%
Brazilië
82%
Cambodja
82%
Guyana
82%
Jemen
82%
Myanmar
82%
Taiwan
82%
Turkije
82%
Zimbabwe
82%
Kirgizië
81%
Monaco
81%
Tuvalu
81%
Djibouti
80%
Guatemala
80%
Ierland
80%
België
79%
Burundi
79%
Canada
78%
Luxemburg
78%
Venezuela
78%
Vietnam
78%
Azerbeidzjan
77%
Letland
77%
Liberië
75%
Senegal
75%
Soedan
75%
Belarus
73%
Eswatini
73%
Roemenië
73%
Slovenië
73%
Namibië
72%
Panama
72%
Tsjaad
72%
Benin
71%
Gambia
71%
Lesotho
71%
Moldavië
71%
Zweden
71%
Ijsland
70%
Papoea-Nieuw-Guinea
70%
Samoa
70%
Seychellen
70%
Zuid-Afrika
70%
Bhutan
69%
Libanon
69%
Palau
69%
Rwanda
69%
Servië
69%
Rusland
68%
Afghanistan
67%
Belize
67%
Bolivia
67%
Brunei
67%
Indonesië
67%
Montenegro
67%
Nigeria
67%
Oezbekistan
67%
Oman
67%
Portugal
67%
Spanje
67%
Tanzania
67%
Mongolië
65%
Albanië
64%
Kenia
64%
Nauru
64%
Slowakije
64%
Tadzjikistan
64%
Tonga
64%
Bangladesh
63%
Grenada
63%
Oekraïne
63%
Kaapverdië
62%
Jordanië
61%
Algerije
60%
Armenië
60%
Oeganda
60%
Zuid-Soedan
60%
Angola
59%
Denemarken
58%
Litouwen
58%
Marshalleilanden
58%
Zwitserland
58%
Argentinië
57%
Equatoriaal-Guinea
57%
Estland
57%
Barbados
56%
Bulgarije
56%
Colombia
56%
Koeweit
56%
Honduras
55%
Kroatië
55%
Pakistan
55%
Liechtenstein
54%
Comoren
53%
Andorra
50%
Bahrein
50%
Eritrea
50%
Hongarije
50%
Kameroen
50%
Maldiven
50%
Mauritius
50%
Nieuw-Zeeland
50%
Noord-Macedonië
50%
Dominica
47%
Nicaragua
47%
Ecuador
45%
Marokko
45%
Nederland
45%
Mauritanië
44%
Tunesië
44%
Maleisië
43%
Noorwegen
43%
Oostenrijk
43%
Salomonseilanden
42%
Duitsland
40%
Thailand
38%
Suriname
37%
Ethiopië
36%
Singapore
36%
Turkmenistan
36%
Australië
33%
Griekenland
25%
Guinee-Bissau
20%
Geen overeenkomende quizzen gevonden
Scoreverdeling
Procent van Mensen met Elke Score
Percentiel versus Aantal Correcte Antwoorden
Uw Scoregeschiedenis
U heeft deze quiz nog niet genomen